|
|
|
|
| LEADER |
00000nam a2200000 4500 |
| 001 |
vtls001466557 |
| 003 |
SK-MaSNL |
| 005 |
20260429082516.0 |
| 008 |
240314s1854 xo a f 0 cze |
| 035 |
|
|
|a SNK000421862
|
| 040 |
|
|
|a SNK
|b slo
|c SNK
|e rda
|
| 041 |
0 |
|
|a cze
|
| 044 |
|
|
|a xo
|c SK
|
| 072 |
|
7 |
|a 27-5
|x Liturgia. Kresťanské umenie a symbolika. Duchovný život
|2 konspekt
|
| 080 |
|
|
|a 27-565
|2 2011
|
| 080 |
|
|
|a (0:82-5)
|2 2011
|
| 100 |
1 |
|
|a Ďurček, Ondřej
|4 aut
|9 466427
|
| 245 |
1 |
0 |
|a Wítězící nad swětem Cirkew Kristowa
|b Řeč duchowní při skladání wyznání wíry Římsko=katolické skrze roku 1853, w Neděli XXVII. a poslední po sw. Duchu, we farním chrámě Sw. Jánském
|c držaná od Ondřeje Ďurčeka, kněze Arcibuskupstwí a obrátených Anabaptistů Sw. Jánských Administrátora před tím evanjelického Slowa božího kazatele w Duna=Szerdaheli
|
| 264 |
|
3 |
|a W Přesspurku
|b Tiskem Aloisa Schreibera, w Jelačic=ulici, číslo 107
|c roku 1854
|
| 300 |
|
|
|a 16 strán
|c 22 cm
|
| 336 |
|
|
|a text
|b txt
|2 rdacontent
|
| 337 |
|
|
|a bez média
|b n
|2 rdamedia
|
| 338 |
|
|
|a zväzok
|b nc
|2 rdacarrier
|
| 500 |
|
|
|a Titulný list v ozdobnom rámčeku
|
| 546 |
|
|
|a Slovakizovaná čeština
|b Fraktúra
|
| 650 |
0 |
7 |
|a cirkevné slávnosti
|2 SNKPH
|9 70408
|
| 655 |
|
7 |
|a kázne
|2 SNKPH
|9 70516
|
| 655 |
|
7 |
|a príležitostné tlače
|2 SNKPH
|9 281484
|
| 700 |
1 |
|
|a Schreiber, Alois
|4 prt
|9 1637892
|
| 752 |
|
|
|a Slovensko
|d Bratislava
|
| 852 |
|
|
|a snk
|p SC 512/15 ; SC 512/15 D1
|
| 958 |
|
|
|a ONDV
|
| 958 |
|
|
|a DF
|
| 999 |
|
|
|c 902832
|d 904762
|
| 952 |
|
|
|a SNK
|b SNK
|c SNK_KF
|y PREZ
|7 0
|p 17A0409978
|o snkSC 512/15 D1
|i snkK 1310/69
|8 3
|3 Rekatalogizácia
|0 0
|1 0
|4 0
|d 2004-01-19
|l 0
|r 2005-01-02 00:00:00
|w 2026-02-24
|
| 952 |
|
|
|a SNK
|b SNK
|c SNK_KF
|y PREZ
|7 8
|p 17A0714893
|o snkSC 512/15
|i snk3448/28
|8 21
|g 0.00
|0 0
|1 0
|2 udc
|4 0
|d 2026-04-29
|l 0
|r 2026-04-29 08:26:11
|w 2026-04-29
|